00452 2200181 4500245004700000020002200047250001100069700001200080110003000092100002700122650002000149005001900169260002800188041001400216084000800230300002300238336000900261 aLove AssestscAyu Putri TjakrawedanahText a978-602-19372-0-4 aCet. 1 aAchi TM aTeam Penulis Women Script aAyu Putri Tjakrawedana aNovel Indonesia a20230330131518 bWomen Script n Coc2011 aIndonesia a813 a442 hlm. :c21 cm. atext